Statistics for Cities Larger than Rhode Island (USA)

Click here to take the quiz!

General Stats

  • This quiz has been taken 1,468 times
    (1,461 since last reset)
  • The average score is 6 of 9

Answer Stats

PopulationCityRank% Correct
8.406MNew York City1
98%
3.884MLos Angeles2
91%
2.719MChicago3
84%
2.196MHouston4
83%
1.258MDallas9
78%
1.356MSan Diego8
57%
1.553MPhiladelphia5
53%
1.513MPhoenix6
50%
1.409MSan Antonio7
49%

Score Distribution

Percentile by Number Answered

Percent of People with Each Score

Your Score History

You have not taken this quiz since the last reset